书目信息 |
| 题名: |
李斯特钢琴全集
|
|
| 作者: | 李斯特 曲 ;伽托尼 , 塞兰尼 , 杨韵琳 编订 | |
| 分册: | 系列一 匈牙利狂想曲 | |
| 出版信息: | 上海 上海音乐出版社 2007 |
|
| 页数: | 120页 | |
| 开本: | 31cm | |
| 丛书名: | ||
| 单 册: | ||
| 中图分类: | J657.411(515) | |
| 科图分类: | ||
| 主题词: | 钢琴谱--匈牙利--近代--选集 , 钢琴谱--狂想曲--匈牙利--近代--选集 , 钢琴谱 , 狂想曲 | |
| 电子资源: | ||
| ISBN: | 978-7-80751-025-3 | |
| 000 | 01331ncm0 2200337 450 | |
| 001 | 003496562 | |
| 005 | 20100325104703.64 | |
| 010 | @a978-7-80751-025-3@dCNY35.00 | |
| 100 | @a20070402d2007 em y0chiy0110 ea | |
| 101 | 1 | @achi@chun |
| 102 | @aCN@b310000 | |
| 105 | @ay z 000yy | |
| 106 | @ar | |
| 200 | 1 | @a李斯特钢琴全集@9li si te gang qin quan ji@h系列一@h第三分册@i匈牙利狂想曲@h1@f佐尔坦·伽托尼(Zoltán Gárdonyi),伊斯特凡·塞兰尼(István Szelényi)编订@g杨韵琳翻译 |
| 210 | @a上海@c上海音乐出版社@d2007 | |
| 215 | @a120页@d31cm | |
| 305 | @a匈牙利布达佩斯音乐出版社提供版权 | |
| 312 | @a版权页题名:李斯特钢琴全集·匈牙利狂想曲 1 | |
| 330 | @a李斯特的全部音乐作品呈出于世,它能够同时满足音乐学和演奏实践方面的需求,其中内容包括:匈牙利狂想曲、英雄的葬礼、佩斯城的狂欢节等。 | |
| 517 | 1 | @a李斯特钢琴全集·匈牙利狂想曲 1 |
| 606 | 0 | @a钢琴谱@y匈牙利@z近代@j选集 |
| 606 | 0 | @a钢琴谱@x狂想曲@y匈牙利@z近代@j选集 |
| 606 | 0 | @a钢琴谱 |
| 606 | 0 | @a狂想曲 |
| 690 | @aJ657.411(515)@v4 | |
| 701 | 0 | @c(匈)@a李斯特@9li si te@c(Franz Liszt@f1811~1886)@4曲 |
| 702 | 0 | @c(匈)@a伽托尼@9jia tuo ni@c(Gardonyi, Zoltan)@4编订 |
| 702 | 0 | @c(匈)@a塞兰尼@9sai lan ni@c(Szelenyi, Istvan)@4编订 |
| 702 | 0 | @a杨韵琳@9yang yun lin@4翻译 |
| 801 | 0 | @aCN@bNLC@c20100325 |
| 905 | @b799336-38@dJ657.411(515)@e530@f3 | |
| 李斯特钢琴全集.系列一.第三分册.匈牙利狂想曲.1/佐尔坦·伽托尼(Zoltán Gárdonyi),伊斯特凡·塞兰尼(István Szelényi)编订/杨韵琳翻译.-上海:上海音乐出版社,2007 |
| 120页;31cm |
| ISBN 978-7-80751-025-3:CNY35.00 |
| 李斯特的全部音乐作品呈出于世,它能够同时满足音乐学和演奏实践方面的需求,其中内容包括:匈牙利狂想曲、英雄的葬礼、佩斯城的狂欢节等。 |
| ● |
| 相关链接 |
|
|
|
|
正题名:李斯特钢琴全集
索取号:J657.411(515)/530
 
预约/预借
| 序号 | 登录号 | 条形码 | 馆藏地/架位号 | 状态 | 备注 |
| 1 | 799336 | 207993368 | 第一样本阅览室/ [索取号:J657.411(515)/530] | 在馆 | |
| 2 | 799337 | 207993377 | 第一借阅区/ [索取号:J657.411(515)/530] | 在馆 | |
| 3 | 799338 | 207993386 | 第一借阅区/ [索取号:J657.411(515)/530] | 在馆 |